Sports Quiz

Random Sports or NFL Quiz

NFL Last 5 Coaches by Team Quiz Stats

 Plays Quiz Updated Feb 6, 2021

Support Sporcle.
Go Orange.
Score 0/157 Timer 15:00
4 Plays Today
Team Coach % Correct
Chicago BearsLovie Smith
87.9%
Atlanta FalconsMike Smith
87.1%
Tampa Bay BuccaneersBruce Arians
85.1%
Denver BroncosJohn Fox
82.4%
Washington Football TeamMike Shanahan
81.6%
Baltimore RavensJohn Harbaugh
80.2%
Indianapolis ColtsTony Dungy
80.1%
Los Angeles RamsJeff Fisher
80%
Philadelphia EaglesAndy Reid
79.9%
Dallas CowboysBill Parcells
79.1%
New England PatriotsBill Parcells
79.1%
Carolina PanthersJohn Fox
78.8%
New York JetsRex Ryan
78.2%
New England PatriotsBill Belichick
77.9%
New York GiantsTom Coughlin
76.6%
Jacksonville JaguarsUrban Meyer
76.5%
Pittsburgh SteelersMike Tomlin
76.4%
New York JetsAdam Gase
76.4%
New Orleans SaintsSean Payton
76.1%
Tennessee TitansJeff Fisher
75.9%
Arizona CardinalsBruce Arians
75.8%
Cincinnati BengalsMarvin Lewis
74.6%
Green Bay PackersMike Holmgren
74%
Seattle SeahawksMike Holmgren
74%
Pittsburgh SteelersBill Cowher
73.9%
Philadelphia EaglesDoug Pederson
73.9%
Dallas CowboysWade Phillips
73.9%
New England PatriotsPete Carroll
73.4%
Seattle SeahawksPete Carroll
73.4%
New York GiantsBen McAdoo
73.1%
Arizona CardinalsKliff Kingsbury
73%
New York JetsTodd Bowles
72.5%
Baltimore RavensBrian Billick
71.2%
Jacksonville JaguarsJack Del Rio
71.1%
Tampa Bay BuccaneersDirk Koetter
70.8%
Chicago BearsJohn Fox
70%
Arizona CardinalsDennis Green
69.9%
Minnesota VikingsDennis Green
69.9%
Houston TexansBill O'Brien
69.5%
Washington Football TeamJay Gruden
68.2%
San Francisco 49ersJim Harbaugh
68.2%
Buffalo BillsDoug Marrone
68.1%
Cleveland BrownsFreddie Kitchens
68.1%
Indianapolis ColtsChuck Pagano
68%
Green Bay PackersMike McCarthy
66.7%
Las Vegas RaidersHue Jackson
66.2%
Dallas CowboysJason Garrett
65.2%
Carolina PanthersMatt Rhule
64.9%
Houston TexansGary Kubiak
63.4%
Jacksonville JaguarsDoug Marrone
63.4%
Atlanta FalconsJim Mora
62.4%
Indianapolis ColtsJim Mora
62.4%
New Orleans SaintsJim Mora
62.4%
Team Coach % Correct
Seattle SeahawksJim Mora
62.4%
Los Angeles ChargersNorv Turner
61.7%
Cleveland BrownsHue Jackson
61.4%
Arizona CardinalsKen Whisenhunt
60.7%
Green Bay PackersMatt LaFleur
60.7%
Denver BroncosVance Joseph
60.7%
Los Angeles RamsSean McVay
60.2%
Denver BroncosGary Kubiak
60%
Los Angeles ChargersMarty Schottenheimer
59%
Indianapolis ColtsJim Caldwell
58.9%
New Orleans SaintsMike Ditka
58.6%
New York JetsEric Mangini
57.7%
Denver BroncosVic Fangio
57.1%
Miami DolphinsAdam Gase
57%
San Francisco 49ersMike Singletary
56.4%
Denver BroncosJosh McDaniels
55.8%
New York JetsRobert Saleh
55.6%
Kansas City ChiefsHerm Edwards
55.3%
Kansas City ChiefsDick Vermeil
55.3%
Pittsburgh SteelersChuck Noll
53.3%
Cleveland BrownsKevin Stefanski
53%
New York GiantsJoe Judge
52.6%
Kansas City ChiefsRomeo Crennel
52.4%
Los Angeles RamsMike Martz
52.2%
Atlanta FalconsArthur Smith
52.1%
Minnesota VikingsBrad Childress
51.7%
Tampa Bay BuccaneersLovie Smith
51.2%
Las Vegas RaidersJon Gruden
51.2%
Buffalo BillsRex Ryan
50.6%
Dallas CowboysMike McCarthy
50%
Detroit LionsJim Schwartz
48.8%
San Francisco 49ersKyle Shanahan
48.3%
Las Vegas RaidersJack Del Rio
48%
Las Vegas RaidersTom Cable
47.9%
Atlanta FalconsDan Quinn
47.8%
Washington Football TeamJoe Gibbs
47.7%
Kansas City ChiefsAndy Reid
46.5%
Miami DolphinsTony Sparano
46.4%
Buffalo BillsChan Gailey
46.3%
Jacksonville JaguarsGus Bradley
45.6%
Jacksonville JaguarsMike Mularkey
44.8%
Buffalo BillsDick Jauron
44.2%
Chicago BearsDick Jauron
44.2%
Green Bay PackersMike Sherman
44%
Minnesota VikingsMike Tice
43.8%
Carolina PanthersRon Rivera
43.7%
Miami DolphinsJoe Philbin
43.4%
San Francisco 49ersJim Tomsula
43.3%
Carolina PanthersDom Capers
42.5%
Houston TexansDom Capers
42.5%
Miami DolphinsBrian Flores
41.9%
Washington Football TeamJim Zorn
41.4%
Atlanta FalconsBobby Petrino
41.1%
Team Coach % Correct
Washington Football TeamRon Rivera
40.8%
Detroit LionsJim Caldwell
40.7%
New York GiantsJim Fassel
40.5%
Kansas City ChiefsTodd Haley
40.2%
Detroit LionsDan Campbell
39.7%
Chicago BearsMatt Nagy
39.7%
Tampa Bay BuccaneersGreg Schiano
38.4%
Cleveland BrownsMike Pettine
38.3%
Tampa Bay BuccaneersRaheem Morris
38%
Las Vegas RaidersDennis Allen
37.4%
Cincinnati BengalsDavid Shula
36.7%
San Francisco 49ersChip Kelly
36.2%
Los Angeles RamsSteve Spagnuolo
35.7%
Carolina PanthersGeorge Seifert
35.5%
Houston TexansDavid Culley
35.4%
Philadelphia EaglesChip Kelly
35.2%
New Orleans SaintsJim Haslett
34.7%
Cincinnati BengalsZac Taylor
33.7%
Buffalo BillsSean McDermott
32.2%
Green Bay PackersRay Rhodes
32.1%
Philadelphia EaglesRay Rhodes
32.1%
Miami DolphinsCam Cameron
31.8%
Los Angeles ChargersMike McCoy
31%
New Orleans SaintsJoe Vitt
30.1%
Dallas CowboysDave Campo
30%
Minnesota VikingsLeslie Frazier
29.8%
Detroit LionsRod Marinelli
29.8%
Tennessee TitansKen Whisenhunt
29.6%
Minnesota VikingsMike Zimmer
29.2%
Tennessee TitansMike Mularkey
27.6%
Detroit LionsMatt Patricia
27.4%
Cincinnati BengalsDick LeBeau
26%
Indianapolis ColtsFrank Reich
24.8%
Chicago BearsMark Trestman
24%
Baltimore RavensTed Marchibroda
23.4%
Tennessee TitansMike Vrabel
23.1%
Tennessee TitansMike Munchak
23.1%
Los Angeles RamsScott Linehan
21.7%
Philadelphia EaglesNick Sirianni
21.5%
Cleveland BrownsRob Chudzinski
21.2%
Seattle SeahawksDennis Erickson
20.7%
New York GiantsPat Shurmur
20.5%
Los Angeles ChargersAnthony Lynn
20.1%
Seattle SeahawksTom Flores
18.9%
Arizona CardinalsSteve Wilks
16.5%
Cincinnati BengalsBruce Coslet
15.9%
Los Angeles ChargersBrandon Staley
12.8%
New England PatriotsRod Rust
11.9%
New England PatriotsDick MacPherson
9.9%
Pittsburgh SteelersBill Austin
6.8%
Pittsburgh SteelersMike Nixon
6.8%

You're not logged in!

Compare scores with friends on all Sporcle quizzes.
OR
Log In

From the Vault

Detroit Pistons MVP Votes

by dabbas

MVP? Most Voted Player?
Remove Ads.
Support Sporcle.
Get the best of Sporcle when you Go Orange. This ad-free experience offers more features, more stats, and more fun while also helping to support Sporcle. Thank you for becoming a member.

Show Comments

Extras

Top Quizzes Today


Score Distribution

Your Account Isn't Verified!

In order to create a playlist on Sporcle, you need to verify the email address you used during registration. Go to your Sporcle Settings to finish the process.

Report this User

Report this user for behavior that violates our Community Guidelines.

Details: